Visualizzazione normale
Vista MARC
- Bougrain-Dubourg All
di Personal Name
Records bibliografici associati: 1
001 - CONTROL NUMBER
- control field: 54292
003 - CONTROL NUMBER IDENTIFIER
- control field: IT-RoPau
005 - DATE AND TIME OF LATEST TRANSACTION
- control field: 20151203170910.0
008 - FIXED-LENGTH DATA ELEMENTS
- fixed length control field: 151203|| aca||aabn | a|a d
040 ## - CATALOGING SOURCE
- Original cataloging agency: IT-RoPau
- Transcribing agency: IT-RoPau
100 ## - HEADING--PERSONAL NAME
- Personal name: Bougrain-Dubourg All
- Miscellaneous information: Codice regista SPICS: 1826
670 ## - SOURCE DATA FOUND
- Source citation: Work cat.: (IT-RoPau)108015: Bougrain-Dubourg All Codice regista SPICS: 1826, BRIGITTE BARDOT, PROPRIO LEI BRIGITTE BARDOT, PROPRIO LEI (Rif. Codice opera principale : 21739)